| 000 | 00600nam a2200217Ia 4500 | ||
|---|---|---|---|
| 999 |
_c41181 _d41181 |
||
| 001 | 7832 | ||
| 003 | GE_BSU | ||
| 005 | 20220927103405.0 | ||
| 008 | 181216s2013en xx |||||||||||||| ||eng|| | ||
| 020 | _a9780672329166 | ||
| 040 | _cGE_BSU | ||
| 041 | _aeng | ||
| 080 | _a004.41 P-91 | ||
| 100 |
_aPlata,Stephen _914830 |
||
| 245 |
_aC++Primer Plus / _cStephen Plata |
||
| 260 |
_bIndianapolis : _aAddison-Wesley. _c2013. |
||
| 300 |
_a1420 p.: _bIll; _c24 cm. |
||
| 653 | _aC++Primer Plus | ||
| 653 | _aკომპიუტერული ტექნოლოგიები | ||
| 942 |
_cBK _2udc |
||